Statistics for All Moneybagg Yo Songs

Click here to take the quiz!

General Stats

  • This quiz has been taken 22 times
    (3 since last reset)
  • The average score is 8 of 309

Answer Stats

nAlbumSong% Correct
Time ServedB***h
67%
Code RedSaid Sum
67%
A Gangsta's PainWockesha
67%
Time Served1 2 3
33%
Time ServedAll Dat
33%
2 HeartlessBigg Facts
33%
2 FederalDoin 2 Much
33%
HeartlessDon't Kno
33%
A Gangsta's PainHard for the Next
33%
Time ServedMe Vs Me
33%
Single #17Ocean Spray
33%
A Gangsta's PainOne of Dem Nights
33%
Single #14On Wat U On
33%
Single #13Quickie
33%
Single #9Rookie of the Year
33%
Gangsta ArtSee Wat I'm Sayin
33%
Code RedSRT
33%
A Gangsta's PainSwitches & Dracs
33%
A Gangsta's PainTime Today
33%
Time ServedU Played
33%
Federal Reloaded28 Barz
0%
43VA HEARTLESS4 da Moment
0%
The Frank White Story50 Missed Calls
0%
Reset7even
0%
Fed Baby'sAcquittal
0%
From Da Block 2 Da BoothAction Speak Louder Than Words
0%
October 20thAction Speaks
0%
2 FederalAfta While
0%
A Gangsta's PainA Gangsta's Pain
0%
October 20thAll Night Long
0%
Federal ReloadedAll Time High
0%
ELO (Everybody Lives On)A Lot of Em
0%
Federal ReloadedAlways Like This
0%
October 20thAmazing
0%
Federal ReloadedAnimals
0%
October 20thAnother Level
0%
A Gangsta's PainAnother One
0%
Fed Baby'sAppeal
0%
2 HeartlessAsk For
0%
ELO (Everybody Lives On)Aww Man
0%
Federal Reloaded | RelentlessBack from Cali
0%
All Gas No BrakesBack 'n Forward
0%
La FamiliaBack on My Youngin Shyt
0%
2 HeartlessBack Then
0%
Moneybagg Yo Presents: NLess Ent x Bread GangBae
0%
2 HeartlessBagg Move
0%
From Da Block 2 Da Booth | La FamiliaBefore Rap
0%
Gangsta ArtBig League
0%
A Gangsta's PainBipolar Virgo
0%
Code RedBirthplace
0%
2 HeartlessBlack Feet
0%
2 HeartlessBlack Heart
0%
43VA HEARTLESSBlac Money
0%
Code RedBlind
0%
Madden NFL 22Blitz
0%
FederalBlog
0%
Single #12Blow
0%
Single #8Blue Jean Bandit
0%
Code RedBrain Dead
0%
2 HeartlessBreak Da Internet
0%
4 the Hard WayBreak Em
0%
From Da Block 2 Da BoothBrotha from Anotha
0%
4 the Hard WayBrothers
0%
October 20thBurn Freestyle (Outro)
0%
Bet On MeBuss Down
0%
2 FederalCan't Do It
0%
ELO (Everybody Lives On)Can't Help It
0%
ELO (Everybody Lives On)Can't Take Em
0%
Single #6Celebrate
0%
A Gangsta's PainCertified Neptunes
0%
ResetChanel Junkie
0%
A Gangsta's PainChange Da Subject
0%
Fed Baby'sChange Partners
0%
Fed Baby'sCharacter Witness
0%
October 20thChase It
0%
A Gangsta's PainClear Da Air
0%
Single #11CODE
0%
Fed Baby'sCollateral Damage
0%
43VA HEARTLESSCommotion
0%
Fed Baby'sContempt of Court
0%
Bet On MeCorrect Me
0%
ResetCurry Jersey
0%
2 FederalDa City
0%
Federal ReloadedDam Well
0%
All Gas No BrakesDats Gangsta
0%
ELO (Everybody Lives On)Days 'n Nights
0%
Code RedDemons
0%
Time ServedDem People Freestyle
0%
From Da Block 2 Da BoothDesigner
0%
Bet On MeDice Game
0%
43VA HEARTLESSDior
0%
SingleDirty Money
0%
FederalDoin' It
0%
RelentlessDollars & Lean
0%
La FamiliaDolph
0%
43VA HEARTLESSDrais
0%
ELO (Everybody Lives On)E.L.O.
0%
October 20thErrbody Live
0%
Bet On MeExactly
0%
2 FederalFacts
0%
Federal ReloadedFadeaway
0%
ResetFall Down
0%
La FamiliaFamily Tied
0%
All Gas No BrakesFan Mail
0%
Single #5February
0%
2 HeartlessFed Baby's
0%
Time ServedFederal Fed
0%
From Da Block 2 Da BoothF**k Em All
0%
All Gas No BrakesF**k'n Round
0%
From Da Block 2 Da BoothFlamboyant
0%
All Gas No BrakesFor a Minute
0%
FederalForeal
0%
ELO (Everybody Lives On)For Y'all
0%
A Gangsta's PainFR
0%
Federal ReloadedFreak
0%
A Gangsta's PainFree Promo
0%
From Da Block 2 Da BoothFrom Da Block 2 Da Booth
0%
2 HeartlessFwm
0%
2 FederalGang Gang
0%
Gangsta ArtGangsta Art
0%
A Gangsta's PainGave It
0%
All Gas No BrakesGet Money
0%
Single #10G Lock
0%
A Gangsta's PainGO!
0%
La FamiliaGold
0%
Federal ReloadedGone
0%
All Gas No BrakesGotta Be
0%
ELO (Everybody Lives On)Had 2
0%
A Gangsta's PainHate It Here
0%
HeartlessHave U Eva
0%
43VA HEARTLESSHeadstrong
0%
FederalHOE House
0%
Fed Baby'sHomicide
0%
Federal ReloadedHow It Go
0%
HeartlessHurting
0%
A Gangsta's PainI Believe U
0%
RelentlessI Can See It Now
0%
La FamiliaIDGAF
0%
October 20thI Dont Like
0%
ELO (Everybody Lives On)I Do What I Want
0%
A Gangsta's PainIf Pain Was a Person
0%
Federal ReloadedI Got a Feeling
0%
Federal ReloadedImage
0%
October 20thIm Dat N***a
0%
ELO (Everybody Lives On)I'm Glued
0%
From Da Block 2 Da BoothImma G
0%
FederalImportant
0%
Federal ReloadedI'm Threw
0%
HeartlessIn da Air
0%
ResetIndustry
0%
RelentlessI Need a Plug
0%
Federal ReloadedI Need a Plugg
0%
ResetIn Her Voice
0%
October 20thIn My Pockets
0%
FederalInsecure
0%
A Gangsta's PainInterlude
0%
All Gas No Brakes | ELO (Everybody Lives On) | October 20thIntro
0%
2 HeartlessIon Get You
0%
Fed Baby'sJudgement
0%
ResetJungle
0%
A Gangsta's PainJust Say Det
0%
Single #16Keep It Low
0%
Moneybagg Yo Presents: NLess Ent x Bread GangKeyboard Killa
0%
La FamiliaKing Shyt
0%
Moneybagg Yo Presents: NLess Ent x Bread GangLarge Doses
0%
FederalLately
0%
A Gangsta's PainLeast Ian Lie
0%
From Da Block 2 Da Booth | La FamiliaLike Me
0%
Moneybagg Yo Presents: NLess Ent x Bread GangLike That
0%
Federal ReloadedLil Baby
0%
A Gangsta's PainLove It Here
0%
ResetLower Level
0%
Bet On MeLuv Cycle
0%
FederalMad Face Sad Face
0%
Gangsta ArtMajor Payne
0%
Fed Baby'sMandatory Drug Test
0%
Time ServedMatch My Fly
0%
A Gangsta's PainMemphganistan
0%
ResetMidnight Patek
0%
FederalMind Frame
0%
2 FederalMitch
0%
2 HeartlessMoneybagg Myers
0%
HeartlessMore
0%
Single #15Motion God
0%
2 FederalMy OG
0%
La FamiliaMyself
0%
2 Federal | Federal ReloadedNarley
0%
2 FederalNeva Again
0%
Code RedNew Chain
0%
Bet On MeNo Cutt
0%
2 Federal | Federal ReloadedNo Dealings
0%
2 FederalNo Features
0%
43VA HEARTLESSNo Filter
0%
4 the Hard WayNo Flocking (Remix)
0%
HeartlessNo Love
0%
HeartlessNonchalent
0%
My TurnNo Sucker
0%
From Da Block 2 Da BoothNothing 2 Something
0%
ResetOh F**k
0%
ResetOkay
0%
2 FederalOlympics
0%
FederalOn Me
0%
43VA HEARTLESSOn My Soul
0%
4 the Hard WayOoh
0%
La FamiliaOutro
0%
43VA HEARTLESSPart of da Game
0%
2 HeartlessPerfect B***h
0%
Time ServedPistol by da Bed
0%
Fed Baby'sPlea Deal
0%
Fed Baby'sPleading the Fifth
0%
Bet On MePoint Made
0%
Time ServedPop My Sh*t
0%
2 FederalPrayers
0%
Fed Baby'sPreliminary Hearing
0%
HeartlessPride
0%
Fed Baby'sPrime Suspect
0%
A Gangsta's PainProjects
0%
Time ServedProtect da Brand
0%
ELO (Everybody Lives On)Public to Know
0%
2 FederalPull Up
0%
HeartlessQuestions
0%
Federal ReloadedRaise Like Dat
0%
Time ServedReal Luv
0%
RelentlessReally
0%
HeartlessReal Me
0%
ELO (Everybody Lives On)Real Quick
0%
Federal ReloadedReasons
0%
FederalReckless
0%
2 FederalReflection
0%
43VA HEARTLESSRelentless Again
0%
RelentlessRelentless Intro
0%
Federal ReloadedReloaded
0%
ResetReset
0%
Moneybagg Yo Presents: NLess Ent x Bread GangRide for Me
0%
Federal | Moneybagg Yo Presents: NLess Ent x Bread GangRight Now
0%
ELO (Everybody Lives On)Right One
0%
From Da Block 2 Da BoothRockin
0%
Gangsta ArtRocky Road
0%
RelentlessRound
0%
Bet On MeRush Hour
0%
ELO (Everybody Lives On)Ruthless
0%
ResetSay Na
0%
2 HeartlessScars
0%
A Gangsta's PainScorpio
0%
2 HeartlessSecrets
0%
2 FederalSection
0%
A Gangsta's PainShottas (Lala)
0%
FederalSide B!+$#es
0%
Moneybagg Yo Presents: NLess Ent x Bread GangSilverware
0%
All Gas No BrakesSituation
0%
From Da Block 2 Da BoothSmile 2 Keep
0%
ELO (Everybody Lives On)Some More
0%
Time ServedSpeak 4 Em
0%
Time ServedSpin on Em
0%
Gangsta ArtSteppers
0%
2 HeartlessStill Don't Kno
0%
ELO (Everybody Lives On)Still F**k with You
0%
From Da Block 2 Da BoothStill Thank Bout It
0%
From Da Block 2 Da BoothStop, Drop, & Roll
0%
October 20thStreets Raw
0%
Gangsta ArtStrong
0%
ELO (Everybody Lives On)Struggle
0%
43VA HEARTLESSStyle Ain't Free
0%
2 HeartlessSuper Fake
0%
Code RedSuper Hot
0%
October 20thSwagg Like Me
0%
Fed Baby'sTampering with Evidence
0%
ELO (Everybody Lives On)Tell You Bout
0%
Single #7Tetris
0%
ResetThey Madd
0%
Time ServedThinking Out Loud
0%
A Gangsta's PainThis Feeling
0%
2 HeartlessThoughts
0%
Time ServedThug Cry
0%
From Da Block 2 Da BoothToo Turnt
0%
Gangsta ArtTop Dolla
0%
43VA HEARTLESSToxic
0%
La FamiliaTrama Play
0%
Single #4Trap Clickin
0%
Single #3Trap Prices
0%
FederalTrending
0%
Code RedTrickin Ass N***a
0%
Federal ReloadedTruth
0%
ResetTryna Do
0%
October 20thTurn on the Mic (Freestyle)
0%
Federal ReloadedUnder Influence
0%
FederalVent
0%
2 FederalVibes
0%
Single #2Vibes in LA
0%
Moneybagg Yo Presents: NLess Ent x Bread GangWake Up
0%
2 HeartlessWalker Holmes
0%
RelentlessWanna See U with Money
0%
43VA HEARTLESSWat3va I'm Wit
0%
A Gangsta's PainWat Be Wrong??
0%
RelentlessWats Goin On
0%
Bet On MeWat U On
0%
HeartlessWit This Money
0%
43VA HEARTLESSWord 4 Word
0%
Relentless#WYS
0%
HeartlessYesterday
0%
RelentlessYRN
0%

Score Distribution

Percentile by Number Answered

Percent of People with Each Score

Your Score History

You have not taken this quiz since the last reset